LEADER 00842nam a2200205 i 4500 001 000000236891 003 CaOOAMICUS 005 20141212000000.0 008 141212s2011 it u000 u ita u 013 $a215796 040 $aSeMil$bita 100 1 $aRe, Piero.$0(OLS)http://semarc/name/9919 245 10$aChi è, come la pensa, cosa farà Angelo Scola /$cdi don Piero Re, parrocchia s. Domenico - Legano, 12-09-2011. 260 $a[S.l. :$bs.n.],$c2011. 300 $a27 p. ;$c30 cm. 600 14$aScola, Angelo .$0(OLS)http://semarc/subject/42018 850 $aSeMil 852 $aSeMil$W1$xVenegono$y1$m5D XI 15/6$j187237$B187237$CSeMilBibl$Z2$F198100 $81 996 $6245$aChi è, come la pensa, cosa farà Angelo Scola$9(OLS)http://semarc/title/337590 996 $6260$a[S.l. :$bs.n.]$9(OLS)http://semarc/publisher/29751 LEADER 01446nam a2200313 i 4500 001 000000076696 003 CaOOAMICUS 005 20010426000000.0 008 010426s1985 fr u000 u fre u 013 $a47868 020 $a2-204-02322-1 040 $aSeMil$bita 100 1 $aBourg, Dominique.$0(OLS)http://semarc/name/37771 240 00$aTranscendance et discours.$0(OLS)http://semarc/title/124371 245 10$aTranscendance et discours :$bessai sur la nomination paradoxale de Dieu /$cDominique Bourg ; préface de J.-P. Resweber. 260 $aParis :$bLes Éditions du Cerf,$c1985. 300 $a166 p. ;$c22 cm. 490 0 $aCogitatio Fidei [Cerf]v132 500 $aContiene : Bibliographie des ouvrages cités. 650 4$aDio - Filosofia.$0(OLS)http://semarc/subject/2018 650 4$aFilosofia del linguaggio.$0(OLS)http://semarc/subject/3184 700 1 $aResweber, Jean-Paul <1941- >.$0(OLS)http://semarc/name/35607 830 0$aCogitatio Fidei ;$v132.$0(OLS)http://semarc/title/206 850 $aSeMil 852 $aSeMil$W1$xVenegono$y1$m2BA N 132$j42848$B42848$CSeMilBibl$Z2$F42845 $81 961 $aAcquisto: Cerf (Libreria) 996 $6020$a2-204-02322-1$9(OLS)http://semarc/number/57792 996 $6245$aTranscendance et discours :$bessai sur la nomination paradoxale de Dieu$9(OLS)http://semarc/title/124372 996 $6260$aParis :$bLes Éditions du Cerf$9(OLS)http://semarc/publisher/29611